Statistiques concernant Gravity falls

Cliquez ici pour prendre le quiz!

Statistiques générales

  • Ce quiz a été pris 256 fois
  • Le résultat moyen est 6 sur 7

Statistiques - réponses

QuestionRéponse% Correct
Qui est DandinouLe cochon de Mabel
100%
Comment s’appelle les héros principalMabel et dieper
99%
Comment s’appelle le triangle jauneBill
93%
Comment Stan fait il revenir son frèreEn créant un portail vers une autre dimension
92%
Qui est l’auteur des journauxLe frère de stan
87%
Comment s’appelle la fin du mondeBizarapocalypse
68%
Quel monstre ne voit on pasManticore
62%

Distribution des résultats

Percentile par nombre de réponses

% des personnes avec chaque résultat

Votre développement - résultats

Vous n’avez pas pris ce quiz